| 000 | 01200nam a2200313Ia 4500 | ||
|---|---|---|---|
| 001 | ebr10054931 | ||
| 003 | CaPaEBR | ||
| 006 | m u | ||
| 007 | cr cn||||||||| | ||
| 008 | 990114s1999 enka sb 001 0 eng d | ||
| 010 | _z 99017804 | ||
| 020 | _z0203024168 | ||
| 020 | _z1857282655 (PB) | ||
| 040 |
_aCaPaEBR _cCaPaEBR |
||
| 035 | _a(OCoLC)48139305 | ||
| 050 | 1 | 4 |
_aJF60 _b.K334 1999eb |
| 082 | 0 | 4 |
_a306.2/09172/4 _221 |
| 100 | 1 |
_aKamrava, Mehran, _d1964- |
|
| 245 | 1 | 0 |
_aCultural politics in the Third World _h[electronic resource] / _cMehran Kamrava. |
| 260 |
_aLondon ; _aNew York : _bUCL Press, _c1999. |
||
| 300 |
_aviii, 182 p. : _bill. |
||
| 504 | _aIncludes bibliographical references (p. 151-174) and index. | ||
| 533 |
_aElectronic reproduction. _bPalo Alto, Calif. : _cebrary, _d2009. _nAvailable via World Wide Web. _nAccess may be limited to ebrary affiliated libraries. |
||
| 650 | 0 |
_aPolitical culture _zDeveloping countries. |
|
| 650 | 0 | _aPolitical science. | |
| 655 | 7 |
_aElectronic books. _2local |
|
| 710 | 2 | _aebrary, Inc. | |
| 856 | 4 | 0 |
_uhttp://site.ebrary.com/lib/rucke/Doc?id=10054931 _zAn electronic book accessible through the World Wide Web; click to view |
| 999 |
_c63597 _d63597 |
||